| 000 | 00774nam a2200253Ia 4500 | ||
|---|---|---|---|
| 003 | OSt | ||
| 005 | 20220926010443.0 | ||
| 006 | a|||||r|||| 00| 0 | ||
| 007 | ta | ||
| 008 | 220923b |||||||| |||| 00| 0 eng d | ||
| 020 |
_a9788126523160 _c390.14999999999998 |
||
| 037 |
_b77, 30/09/2010, AVIVA BOOKS COMPANY _cGeneral Book |
||
| 040 |
_aRTL _cRTL _beng |
||
| 041 |
_2eng _aeng |
||
| 082 | _aX:8, Q0 | ||
| 100 |
_aSCHERMERHORN John R _938155 |
||
| 245 | 0 | _aIntroduction to management | |
| 250 | _a10th | ||
| 260 |
_a New Delhi _bWiley India _c2010 |
||
| 300 |
_axxiv, 519p Glossary: P G-1 - G-14 _ccm. |
||
| 650 | _aCommerce | ||
| 942 |
_hX:8, Q0 _cGB _2CC |
||
| 999 |
_c617274 _d617274 |
||